| 000 | 00612cam a2200181 4500 | ||
|---|---|---|---|
| 001 | 1960 | ||
| 005 | 20181127164308.0 | ||
| 008 | 070529s2008 nyuab b 001 0 eng | ||
| 010 | _a 2007021477 | ||
| 020 | _a9781401302733 | ||
| 100 | 1 | _aKodas, Michael. | |
| 245 | 1 | 0 |
_aHigh crimes : _bthe fate of Everest in an age of greed / _cMichael Kodas. |
| 260 |
_aNew York : _bHyperion, _cc2008. |
||
| 300 |
_a357 p. : _bill. (some col.), maps ; _c24 cm. |
||
| 504 | _aIncludes bibliographical references (p. [343]--345) and index. | ||
| 650 | 0 |
_aMountaineering _xCorrupt practices. |
|
| 650 | 0 |
_aMountaineering _xSocial aspects. |
|
| 999 |
_c1513 _d1513 |
||